[Event "ProMoPro Open 2003"]
[Site "Praha"]
[Date "2003.09.06"]
[Round "1.28"]
[White "Horyna, Josef"]
[Black "Horak, Karel"]
[Result "1-0"]
[WhiteElo "2029"]
[BlackElo "1638"]
[PlyCount "93"]
[EventDate "2003.09.06"]

1. d4 d5 2. c4 e6 3. Nf3 Nf6 4. Bg5 Be7 5. e3 O-O 6. Bd3 Nbd7 7. O-O dxc4 8.
Bxc4 Nd5 9. Bxe7 Qxe7 10. e4 N5b6 11. Bd3 e5 12. Nc3 exd4 13. Nxd4 Ne5 14. Nd5
Qd8 15. Nf3 Bg4 16. Be2 Bxf3 17. gxf3 Nxd5 18. Qxd5 Qxd5 19. exd5 Rad8 20. f4
Ng6 21. Rac1 Rxd5 22. Rxc7 Rd2 23. Bc4 Rxb2 24. f5 Nh4 25. Bb3 Nf3+ 26. Kg2 Nd2
27. Rxb7 Nxb3 28. axb3 f6 29. Rc1 Rf7 30. Rc8+ Rf8 31. Rcc7 Re8 32. Rxg7+ Kh8
33. Rxh7+ Kg8 34. Rhg7+ Kh8 35. Rgf7 Kg8 36. Rfc7 a5 37. h4 Rd2 38. Kg3 Rd4 39.
Rg7+ Kh8 40. Rgf7 Rg8+ 41. Kh3 Rc8 42. f3 Rb4 43. Rxb4 axb4 44. Rb7 Rc3 45.
Rxb4 Rxf3+ 46. Kg4 Rf1 47. Rb7 {cerny se vzdal} 1-0

[Event "ProMoPro Open 2003"]
[Site "Praha"]
[Date "2003.09.06"]
[Round "1.29"]
[White "Janota, Jiri"]
[Black "Novak, Jindrich"]
[Result "0-1"]
[WhiteElo "1571"]
[BlackElo "2020"]
[PlyCount "66"]
[EventDate "2003.09.06"]

1. e4 a6 2. d4 b5 3. Be3 Bb7 4. Nd2 e6 5. c4 bxc4 6. Bxc4 Nf6 7. Qc2 Bb4 8.
Ngf3 Bxe4 9. Bd3 Bxd3 10. Qxd3 d5 11. O-O Nbd7 12. Rac1 O-O 13. Nb3 Ne4 14. Rc2
f5 15. Bf4 c5 16. Nxc5 Ndxc5 17. dxc5 Bxc5 18. Ne5 g5 19. Bd2 Qd6 20. Rxc5 Qxc5
21. Nd7 Qb5 22. Qxb5 axb5 23. Nxf8 Nxd2 24. Rd1 Kxf8 25. Rxd2 Rxa2 26. Kf1 Ke7
27. Ke2 Kd6 28. Kd3 e5 29. f3 e4+ 30. fxe4 fxe4+ 31. Kc3 Ke5 32. g3 Ra4 33. b4
d4+ {bily se vzdal} 0-1

[Event "ProMoPro Open 2003"]
[Site "Praha"]
[Date "2003.09.06"]
[Round "1.30"]
[White "Matocha, Pavel"]
[Black "Cabart, Pavel"]
[Result "0-1"]
[WhiteElo "1998"]
[BlackElo "1250"]
[PlyCount "56"]
[EventDate "2003.09.06"]

1. e4 c5 2. Nf3 d6 3. d4 cxd4 4. Nxd4 Nf6 5. Nc3 g6 6. Bc4 Bg7 7. f3 O-O 8. Be3
Nc6 9. Qd2 Bd7 10. O-O-O Rc8 11. Bb3 Ne5 12. Bh6 Nc4 13. Bxc4 Rxc4 14. Bxg7
Kxg7 15. g4 Qa5 16. Nb3 Qb4 17. a3 Qb6 18. g5 Nh5 19. Nd5 Qxb3 20. Kb1 Qb5 21.
Nxe7 Be6 22. Qxd6 Qxg5 23. Rhg1 Qc5 24. Nf5+ Bxf5 25. exf5 Qxf5 26. Rd5 Qxf3
27. Qe5+ Nf6 28. Rd3 Qe4 {bily se vzdal} 0-1

[Event "ProMoPro Open 2003"]
[Site "Praha"]
[Date "2003.09.06"]
[Round "1.31"]
[White "Kalousek, Zdenek"]
[Black "Korsa, Jindrich"]
[Result "0-1"]
[WhiteElo "1250"]
[BlackElo "1995"]
[PlyCount "156"]
[EventDate "2003.09.06"]

1. Nf3 g6 2. d4 Bg7 3. c4 d6 4. e4 Nc6 5. Be2 e5 6. d5 Nce7 7. Nc3 f5 8. Bd3
Nf6 9. Qc2 O-O 10. Bd2 fxe4 11. Nxe4 Bg4 12. Ng1 Nf5 13. Bg5 Nd4 14. Qd2 Qd7
15. f3 Bf5 16. Ne2 Bxe4 17. fxe4 Qg4 18. Ng3 h5 19. Bxf6 Rxf6 20. Be2 Qd7 21.
Rf1 Raf8 22. Qd3 Bh6 23. Rxf6 Rxf6 24. Nh1 Qa4 25. Bd1 Qb4+ 26. Qc3 Qb6 27. Nf2
Nb3 28. c5 Nxc5 29. Bf3 Na4 30. Qb3 Qa5+ 31. Kf1 Nc5 32. Qc3 Qxc3 33. bxc3 Bd2
34. c4 Be3 35. Nd1 Bd4 36. Rb1 b6 37. Ke2 Kg7 38. Ne3 Na4 39. Kd3 Rf4 40. Rc1
a5 41. Rc2 Nc5+ 42. Ke2 {#} 42... Nxe4 43. g3 Nc3+ 44. Rxc3 Rxf3 45. Kxf3 Bxc3
46. h3 Kf6 47. Ke4 Bd4 48. Nc2 Bf2 49. Kf3 Bc5 50. Ke4 a4 51. Kf3 Kf5 52. g4+
hxg4+ 53. hxg4+ Kg5 54. Kg3 e4 55. Ne1 e3 56. Nf3+ Kf6 57. Kf4 e2 58. g5+ Ke7
59. Kg3 Be3 60. Ne1 Bxg5 61. Kf3 Bd2 62. Kxe2 Bxe1 63. Kxe1 Kf6 64. Kf2 Ke5 65.
Ke3 g5 66. Kd3 Kf4 67. Kc3 g4 68. Kb4 g3 69. Kb5 g2 70. Kc6 g1=B 71. Kxc7 Bc5
72. Kc6 a3 73. Kb5 Ke3 74. Ka4 Kd4 75. Kb3 Kd3 76. Ka4 Kc2 77. Kb5 Kb2 78. Ka4
Kxa2 {bily se vzdal} 0-1

[Event "ProMoPro Open 2003"]
[Site "?"]
[Date "2003.09.14"]
[Round "9.18"]
[White "Kudela, Stanislav"]
[Black "Dlouhy, David"]
[Result "0-1"]
[WhiteElo "2178"]
[BlackElo "1974"]
[PlyCount "96"]
[EventDate "2003.09.06"]

1. e4 d6 2. d4 Nf6 3. Nc3 c6 4. f4 Qa5 5. Bd2 e5 6. Nd5 Qd8 7. Nxf6+ Qxf6 8.
dxe5 dxe5 9. f5 Qh4+ 10. Ke2 Qxe4+ 11. Be3 Bc5 12. Qd3 Qxe3+ 13. Qxe3 Bxe3 14.
Kxe3 Bxf5 15. c3 Be6 16. Nf3 f6 17. a4 a5 18. b4 Nd7 19. Be2 Ke7 20. Rhb1 b6
21. Nd2 axb4 22. cxb4 Bd5 23. Bf3 f5 24. Bxd5 cxd5 25. Rc1 Rhc8 26. Nb3 Kd6 27.
a5 bxa5 28. Nxa5 Rab8 29. Rcb1 Rb5 30. Kd3 e4+ 31. Kd2 Ne5 32. h4 f4 33. Ra4
Nc4+ 34. Nxc4+ Rxc4 35. Rb3 Rc7 36. h5 g5 37. hxg6 hxg6 38. Rc3 Rxc3 39. Kxc3
Ke5 40. Ra8 Rb6 41. Re8+ Re6 42. Rc8 f3 43. gxf3 exf3 44. Kd3 Kf4 45. Rf8+ Kg3
46. Kd4 f2 47. Kxd5 Re1 48. Rf6 g5 {bily se vzdal} 0-1

[Event "ProMoPro Open 2003"]
[Site "?"]
[Date "2003.09.14"]
[Round "9.28"]
[White "Hejl, Jaroslav"]
[Black "Hampel, Rudolf"]
[Result "1-0"]
[WhiteElo "1709"]
[BlackElo "1757"]
[PlyCount "69"]
[EventDate "2003.09.06"]

1. d4 Nf6 2. c4 g6 3. Nc3 d5 4. cxd5 Nxd5 5. e4 Nxc3 6. bxc3 Bg7 7. Bc4 O-O 8.
Ne2 c5 9. O-O cxd4 10. cxd4 Nc6 11. Be3 Bg4 12. f3 Bd7 13. Rb1 Rc8 14. Bd3 b6
15. Ba6 Rb8 16. d5 Ne5 17. f4 Ng4 18. Bd4 e5 19. fxe5 Qh4 20. h3 Nxe5 21. Rf4
Qe7 22. a4 f5 23. Qb3 Kh8 24. Rc1 Bc8 25. Bxc8 Rfxc8 26. Rxc8+ Rxc8 27. exf5
gxf5 28. Rxf5 Ng6 29. Bxg7+ Qxg7 30. d6 Rd8 31. Qe6 Nh4 32. Rf2 Ng6 33. Ng3 Qe7
34. Qf6+ Kg8 35. Nf5 {cerny se vzdal} 1-0

[Event "ProMoPro Open 2003"]
[Site "?"]
[Date "2003.09.14"]
[Round "9.26"]
[White "Krivanek, Vladimir"]
[Black "Horak, Karel"]
[Result "1-0"]
[WhiteElo "1744"]
[BlackElo "1638"]
[PlyCount "89"]
[EventDate "2003.09.06"]

1. e4 c6 2. d4 d5 3. exd5 cxd5 4. c3 Nc6 5. Nf3 Bg4 6. Be2 e6 7. a4 Bd6 8. Na3
a6 9. Nc2 Qc7 10. h3 Bh5 11. O-O Nf6 12. Re1 O-O 13. Nh4 Bxe2 14. Qxe2 Rac8 15.
Ne3 Rfe8 16. Ng4 Nd7 17. Qd2 Kh8 18. f4 Be7 19. Nf3 Nf6 20. Nxf6 gxf6 21. Qf2
Bd6 22. Qh4 Qd8 23. g4 Rg8 24. Kh1 Rg6 25. Rg1 Ne7 26. Bd2 Qc7 27. Ne5 fxe5 28.
fxe5 Bxe5 29. dxe5 Nc6 30. Rae1 a5 31. g5 Qe7 32. Qf4 Nd8 33. h4 Rc4 34. Qf2
Rxa4 35. h5 Rg8 36. b3 Ra2 37. Ref1 h6 38. g6 fxg6 39. hxg6 Qg7 40. Qe3 a4 41.
Rg3 Rf8 42. Rxf8+ Qxf8 43. Rf3 Qe7 44. Qxh6+ Kg8 45. Rf8+ {cerny sa vzdal} 1-0

[Event "ProMoPro Open 2003"]
[Site "?"]
[Date "2003.09.14"]
[Round "9.11"]
[White "Urbankova, Eva"]
[Black "Nemcova, Katerina"]
[Result "1-0"]
[WhiteElo "2172"]
[BlackElo "2031"]
[PlyCount "93"]
[EventDate "2003.09.06"]

1. d4 Nf6 2. c4 g6 3. Nc3 Bg7 4. e4 d6 5. Be2 Nbd7 6. Bg5 O-O 7. f4 c5 8. d5
Qa5 9. Qd2 Re8 10. Nf3 Nb6 11. O-O Bg4 12. Qd3 h6 13. Bh4 Nh5 14. Nd2 Bxc3 15.
bxc3 Bxe2 16. Qxe2 Qxc3 17. Rac1 Qg7 18. Be1 Nd7 19. Nb3 e5 20. dxe6 Rxe6 21.
Bc3 Nhf6 22. Qd3 Ree8 23. Rce1 Rad8 24. Nd2 Qf8 25. Qh3 Nh7 26. Re3 Ndf6 27.
Qh4 Re6 28. Rfe1 Rde8 29. Qh3 R6e7 30. Qf3 h5 31. Qg3 Qh6 32. Qh4 Ng4 33. Rf3
f5 34. h3 fxe4 35. hxg4 Qf8 36. Rff1 e3 37. Nb3 Qf7 38. gxh5 gxh5 39. f5 Re4
40. Qg3+ Rg4 41. Qxd6 e2 42. Rf4 Rg3 43. Bb2 Ng5 44. Kh2 Ree3 45. Qd8+ Qf8 46.
Qd5+ Qf7 47. Nxc5 {cerny sa vzdal} 1-0

[Event "ProMoPro Open 2003"]
[Site "?"]
[Date "2003.09.14"]
[Round "9.7"]
[White "Vedral, Oldrich"]
[Black "Pirklova, Hana"]
[Result "1/2-1/2"]
[WhiteElo "2212"]
[BlackElo "2139"]
[PlyCount "28"]
[EventDate "2003.09.06"]

1. g3 Nf6 2. Bg2 g6 3. e4 d6 4. Nc3 Bg7 5. d3 c6 6. f4 O-O 7. Nf3 Qb6 8. Qe2
Na6 9. Nd1 Bd7 10. Be3 Qc7 11. h3 e5 12. O-O Nh5 13. Qe1 exf4 14. gxf4 Rae8 {
remis} 1/2-1/2

[Event "ProMoPro Open 2003"]
[Site "?"]
[Date "2003.09.14"]
[Round "9.2"]
[White "Matras, Ondrej"]
[Black "Hausner, Ivan"]
[Result "0-1"]
[WhiteElo "2242"]
[BlackElo "2441"]
[PlyCount "54"]
[EventDate "2003.09.06"]

1. f4 g6 2. e4 c5 3. Nf3 Bg7 4. Nc3 Nc6 5. Bc4 e6 6. d3 Nge7 7. e5 d5 8. exd6
Nf5 9. Ne4 Nxd6 10. Nxd6+ Qxd6 11. O-O O-O 12. Rb1 b6 13. Qe1 Bb7 14. Kh1 Nb4
15. Bb3 a5 16. a4 Bd5 17. Bxd5 Qxd5 18. Qf2 Qa2 19. Be3 Qxa4 20. b3 Qa2 21. f5
Qxc2 22. Qh4 exf5 23. Bh6 Qxd3 24. Ng5 Qd4 25. Rf4 Qf6 26. g4 Bxh6 27. Qxh6 Qg7
{bily se vzdal} 0-1

[Event "ProMoPro Open 2003"]
[Site "?"]
[Date "2003.09.14"]
[Round "9.30"]
[White "Steinhauser, Dominik"]
[Black "Kudrna, Jakub"]
[Result "1-0"]
[WhiteElo "1793"]
[BlackElo "1796"]
[PlyCount "43"]
[EventDate "2003.09.06"]

1. e4 e6 2. d4 d5 3. e5 c5 4. c3 Nc6 5. Nf3 Qb6 6. Bd3 Bd7 7. O-O cxd4 8. cxd4
Nxd4 9. Nxd4 Qxd4 10. Nc3 Qxe5 11. Re1 Qd6 12. Nb5 Qc6 13. Be3 a6 14. Rc1 Qxc1
15. Qxc1 axb5 16. Qc7 Bc6 17. Bxb5 Bxb5 18. Qxb7 Rxa2 19. Qxb5+ Ke7 20. Bc5+
Kf6 21. Bxf8 Nh6 22. Ba3 {cerny se vzdal} 1-0

[Event "ProMoPro Open 2003"]
[Site "?"]
[Date "2003.09.14"]
[Round "9.14"]
[White "Kucera, Tomas"]
[Black "Rmoutil, Martin"]
[Result "1-0"]
[WhiteElo "2111"]
[BlackElo "1841"]
[PlyCount "51"]
[EventDate "2003.09.06"]

1. e4 c5 2. Nf3 d6 3. d4 cxd4 4. Nxd4 Nf6 5. Nc3 a6 6. Bc4 e6 7. Bb3 Be7 8. O-O
O-O 9. Be3 Qc7 10. f4 Nc6 11. f5 Nxd4 12. Bxd4 b5 13. fxe6 fxe6 14. Qf3 Bd7 15.
Qh3 Qc8 16. Rae1 Kh8 17. e5 dxe5 18. Bxe5 Qc5+ 19. Kh1 Ne4 20. Bxg7+ Kxg7 21.
Nxe4 Qe5 22. Ng3 Qxb2 23. Bxe6 Bxe6 24. Qxe6 Bf6 25. Nh5+ Kg6 26. Qf5+ {
cerny se vzdal} 1-0

[Event "ProMoPro Open 2003"]
[Site "?"]
[Date "2003.09.14"]
[Round "9.19"]
[White "Matocha, Pavel"]
[Black "Steinhauser, Frantisek"]
[Result "1-0"]
[WhiteElo "1998"]
[BlackElo "1763"]
[PlyCount "55"]
[EventDate "2003.09.06"]

1. e4 c5 2. Nf3 d6 3. d4 cxd4 4. Nxd4 Nf6 5. Nc3 g6 6. Be3 Nc6 7. f3 Bg7 8. Qd2
O-O 9. Bc4 Bd7 10. h4 Rc8 11. Bb3 h5 12. O-O-O Ne5 13. Kb1 Qa5 14. Nd5 Qd8 15.
Nxf6+ Bxf6 16. Ne2 Bb5 17. f4 Nc4 18. Bxc4 Rxc4 19. f5 Ra4 20. fxg6 fxg6 21.
Qd5+ Kg7 22. Qxb5 Rxe4 23. Qd3 Rb4 24. c3 Rxh4 25. Rxh4 Bxh4 26. Nf4 Rf6 27.
Bd4 e5 28. Bxe5 {cerny se vzdal} 1-0

[Event "ProMoPro Open 2003"]
[Site "?"]
[Date "2003.09.14"]
[Round "9.25"]
[White "Cebis, Petr"]
[Black "Cabart, Pavel"]
[Result "1-0"]
[WhiteElo "1852"]
[BlackElo "1250"]
[PlyCount "53"]
[EventDate "2003.09.06"]

1. e4 c5 2. Nf3 d6 3. d4 cxd4 4. Nxd4 Nf6 5. Nc3 g6 6. h3 Bg7 7. Be3 O-O 8. Be2
Nc6 9. Qd2 Bd7 10. O-O Nxd4 11. Bxd4 Qa5 12. Rad1 Bc6 13. f3 Qb4 14. Bxf6 Bxf6
15. Nd5 Qxb2 16. Rb1 Qe5 17. Rb4 Bxd5 18. exd5 Rab8 19. Rfb1 b6 20. Re4 Qg5 21.
f4 Qg3 22. Rb3 Qh4 23. Bg4 g5 24. g3 Qh6 25. Bf5 gxf4 26. Rxf4 Bg5 27. Rg4 {
cerny se vzdal} 1-0

[Event "ProMoPro Open 2003"]
[Site "?"]
[Date "2003.09.14"]
[Round "9.15"]
[White "Havrlik, Pavel"]
[Black "Forman, Stepan"]
[Result "0-1"]
[WhiteElo "2003"]
[BlackElo "2252"]
[PlyCount "78"]
[EventDate "2003.09.06"]

1. c4 Nf6 2. Nf3 d6 3. d4 g6 4. b3 Bg7 5. Bb2 Bg4 6. e3 c5 7. Be2 O-O 8. O-O
Ne4 9. h3 Bf5 10. Nc3 Nc6 11. Nxe4 Bxe4 12. Qd2 e5 13. dxc5 dxc5 14. Qxd8 Raxd8
15. Rfd1 f5 16. Ng5 Bc2 17. Rd5 Rfe8 18. Rc1 h6 19. Rxd8 Rxd8 20. Ne6 Rd2 21.
Nxg7 Rxe2 22. Ne6 b6 23. Bc3 Kf7 24. Nc7 Ke7 25. b4 Nxb4 26. Bxb4 cxb4 27. Nd5+
Kd6 28. Nxb4 Ba4 29. Rc3 a5 30. c5+ bxc5 31. Rd3+ Ke6 32. Na6 c4 33. Nc5+ Ke7
34. Ra3 Bc6 35. Rxa5 Kd6 36. Kf1 Rb2 37. a4 c3 38. Nd3 e4 39. Ne5 c2 {
bily se vzdal} 0-1

[Event "ProMoPro Open 2003"]
[Site "?"]
[Date "2003.09.14"]
[Round "9.16"]
[White "Forman, Miroslav"]
[Black "Novak, Vaclav"]
[Result "0-1"]
[WhiteElo "1828"]
[BlackElo "2113"]
[PlyCount "66"]
[EventDate "2003.09.06"]

1. d4 Nf6 2. Bg5 h6 3. Bh4 d5 4. Nd2 Bf5 5. e3 e6 6. Be2 Nbd7 7. Ngf3 Bd6 8.
O-O O-O 9. Bg3 Bxg3 10. fxg3 Ng4 11. c4 Nxe3 12. Qb3 Nxf1 13. Rxf1 Nf6 14. c5
b6 15. c6 Ne4 16. Ba6 Qd6 17. Qa4 Rad8 18. Nb3 f6 19. Nc1 Bg6 20. Ne2 e5 21.
Nh4 Bh7 22. Nf3 exd4 23. Nfxd4 Nc5 24. Qa3 Rfe8 25. Bb7 Nxb7 26. cxb7 Qxa3 27.
bxa3 Rb8 28. Nc6 Rxb7 29. Ned4 Bd3 30. Rd1 Bc4 31. Rd2 b5 32. Nf5 Kf8 33. Kf2
Rb6 {bily se vzdal} 0-1

[Event "ProMoPro Open 2003"]
[Site "?"]
[Date "2003.09.14"]
[Round "9.24"]
[White "Hoskovec, Josef"]
[Black "Voglova, Eva"]
[Result "1/2-1/2"]
[WhiteElo "1891"]
[BlackElo "1657"]
[PlyCount "41"]
[EventDate "2003.09.06"]

1. e4 d5 2. exd5 Nf6 3. b3 Nxd5 4. Bb2 Nc6 5. Nc3 Nb6 6. a4 Bd7 7. Nf3 e5 8. a5
Nc8 9. a6 b6 10. Bc4 Bd6 11. O-O O-O 12. Ne4 Kh8 13. Nfg5 Qe7 14. Qh5 Bf5 15.
Nxd6 Nxd6 16. Bd5 Bg6 17. Qh4 Nf5 18. Qg4 Nh6 19. Qg3 Nf5 20. Qg4 Nh6 21. Qg3 {
remis} 1/2-1/2

[Event "ProMoPro Open 2003"]
[Site "?"]
[Date "2003.09.14"]
[Round "9.23"]
[White "Erneker, Josef"]
[Black "Kosar, Milan"]
[Result "1-0"]
[WhiteElo "1990"]
[BlackElo "1713"]
[PlyCount "61"]
[EventDate "2003.09.06"]

1. c4 c5 2. Nc3 Nf6 3. e4 Nc6 4. g3 e6 5. Bg2 Be7 6. f4 d6 7. Nge2 O-O 8. O-O
a6 9. d3 Qc7 10. h3 Rb8 11. g4 b5 12. Ng3 Nd4 13. b3 b4 14. Nce2 Nxe2+ 15. Qxe2
Bb7 16. g5 Nd7 17. h4 f6 18. Bh3 e5 19. Be6+ Kh8 20. f5 g6 21. Qg4 Kg7 22. fxg6
hxg6 23. Bxd7 fxg5 24. Bxg5 Bxg5 25. hxg5 Bc8 26. Bxc8 Rbxc8 27. Rf6 Rxf6 28.
gxf6+ Kf7 29. Qh4 Qd8 30. Qh7+ Ke6 31. Rf1 {cerny se vzdal} 1-0

[Event "ProMoPro Open 2003"]
[Site "?"]
[Date "2003.09.14"]
[Round "9.22"]
[White "Nemcova, Kristyna"]
[Black "Bernasek, Vaclav"]
[Result "0-1"]
[WhiteElo "1808"]
[BlackElo "1990"]
[PlyCount "68"]
[EventDate "2003.09.06"]

1. e4 c5 2. Nf3 Nc6 3. d4 cxd4 4. Nxd4 g6 5. Nc3 Bg7 6. Be3 Nf6 7. Be2 O-O 8.
O-O d5 9. exd5 Nb4 10. Bg5 Nfxd5 11. Nxd5 Nxd5 12. c4 Nc7 13. Be3 e5 14. Nb3
Ne6 15. Qc2 f5 16. Rad1 Qe7 17. f3 a5 18. Rd5 a4 19. Nc5 Nd4 20. Bxd4 exd4 21.
f4 Qe3+ 22. Kh1 Re8 23. Bd3 a3 24. b4 b6 25. Nd7 Bb7 26. Rb5 Be4 27. Bxe4 fxe4
28. Nxb6 d3 29. Qb1 Rad8 30. Nd5 Qd4 31. Rc5 e3 32. Nc7 d2 33. Nb5 Qb2 34. Qxb2
axb2 {bily se vzdal} 0-1

[Event "ProMoPro Open 2003"]
[Site "?"]
[Date "2003.09.14"]
[Round "9.20"]
[White "Horinek, Karel"]
[Black "Korsa, Jindrich"]
[Result "0-1"]
[WhiteElo "1948"]
[BlackElo "1995"]
[PlyCount "108"]
[EventDate "2003.09.06"]

1. e4 e5 2. Nf3 Nc6 3. Bb5 f5 4. Bxc6 dxc6 5. Nxe5 Qd4 6. f4 Qxe4+ 7. Qe2 Qxe2+
8. Kxe2 Bd6 9. d4 Be6 10. Be3 Nf6 11. Nd2 O-O-O 12. Rhe1 Rhe8 13. a3 Bd5 14. c4
Bg8 15. Ndf3 Ng4 16. c5 Bf8 17. Nxg4 fxg4 18. Ne5 Bd5 19. g3 h5 20. b4 Be7 21.
Kd3 Bf6 22. a4 Bg8 23. Kc3 g5 24. b5 Bd5 25. Reb1 Bf3 26. Bd2 h4 27. Re1 gxf4
28. Bxf4 hxg3 29. Bxg3 b6 30. cxb6 cxb6 31. Nxf3 gxf3 32. Be5 f2 33. Re2 c5 34.
Rc1 {#} 34... Rxd4 35. Bxf6 Rxe2 36. Bxd4 Re1 37. Bxf2 Rxc1+ 38. Kb3 Rf1 39.
Bg3 Rf3+ 40. Kb2 Kb7 41. Ka2 a6 42. bxa6+ Kxa6 43. Bc7 Rh3 44. Kb2 Rh7 45. Bd6
Rh3 46. Bg3 Ka5 47. Kb3 Rh5 48. Bc7 Rh4 49. Bg3 Rb4+ 50. Kc2 Kxa4 51. h4 Rg4
52. Be1 Rg1 53. Bd2 Rh1 54. Bg5 Rh3 {bily se vzdal} 0-1

[Event "ProMoPro Open 2003"]
[Site "?"]
[Date "2003.09.14"]
[Round "9.3"]
[White "Neuman, Petr"]
[Black "Londyn, Radek"]
[Result "1/2-1/2"]
[WhiteElo "2438"]
[BlackElo "2152"]
[PlyCount "85"]
[EventDate "2003.09.06"]

1. d4 d5 2. c4 c6 3. Nc3 Nf6 4. Nf3 a6 5. a4 e6 6. g3 dxc4 7. Bg2 c5 8. O-O Nc6
9. Ne5 Nxd4 10. Nxc4 Be7 11. Bf4 O-O 12. e3 Nc6 13. Qc2 Nb4 14. Qb3 Nfd5 15.
Rfd1 Qe8 16. Nxd5 exd5 17. Nb6 {#} 17... Be6 18. Nxa8 d4 19. Nc7 Bxb3 20. Nxe8
Bxd1 21. Rxd1 Rxe8 22. exd4 g5 23. Bc7 cxd4 24. Rxd4 Bc5 25. Rd8 Rxd8 26. Bxd8
b6 27. Be4 h6 28. Bf6 Bf8 29. Kg2 Bg7 30. Be7 a5 31. b3 Bd4 32. h4 gxh4 33.
Bxh4 f6 34. g4 Kf7 35. Bg3 Be5 36. f4 Bd4 37. f5 Na6 38. Bf4 Nc5 39. Bd5+ Kg7
40. Kg3 Be5 41. Kf3 Bxf4 42. Kxf4 Kf8 43. Kg3 {remis} 1/2-1/2

[Event "ProMoPro Open 2003"]
[Site "?"]
[Date "2003.09.14"]
[Round "9.13"]
[White "Jinova, Lucie"]
[Black "Podbrdsky, Pavel"]
[Result "0-1"]
[WhiteElo "2116"]
[BlackElo "2141"]
[PlyCount "58"]
[EventDate "2003.09.06"]

1. e4 e5 2. Nf3 Nc6 3. d4 exd4 4. Bc4 Bc5 5. c3 d3 6. Qxd3 Nge7 7. Bxf7+ Kxf7
8. Qc4+ d5 9. Qxc5 b6 10. Qe3 Re8 11. Qf4+ Kg8 12. Ng5 Ng6 13. Qf7+ Kh8 14. O-O
dxe4 15. Qb3 Nce5 16. Be3 h6 17. Nf7+ Nxf7 18. Qxf7 Ne5 19. Qb3 Qh4 20. Nd2 Ng4
21. Bf4 Ba6 22. c4 Bb7 23. Rad1 e3 24. fxe3 Rxe3 25. Qb5 Re2 26. Nf3 Qf6 27.
Bc1 Rf8 28. h3 Bxf3 29. gxf3 Qh4 {bily se vzdal} 0-1

[Event "ProMoPro Open 2003"]
[Site "?"]
[Date "2003.09.14"]
[Round "9.21"]
[White "Vohnout, Pavel"]
[Black "Steinhauser, Antonin"]
[Result "0-1"]
[WhiteElo "2008"]
[BlackElo "1913"]
[PlyCount "110"]
[EventDate "2003.09.06"]

1. e4 c5 2. Nc3 Nc6 3. g3 g6 4. Bg2 Bg7 5. d3 d6 6. Be3 Nf6 7. h3 O-O 8. f4 e6
9. Nf3 Qe7 10. O-O d5 11. e5 d4 12. exf6 Bxf6 13. Bd2 dxc3 14. Bxc3 Nd4 15. Qd2
Rd8 16. Ne5 Rb8 17. Rf2 Bxe5 18. fxe5 Nb5 19. Raf1 Rf8 20. Qh6 Nxc3 21. bxc3
Qc7 22. d4 cxd4 23. cxd4 Qc3 24. Rf4 Qe3+ 25. Kh2 Bd7 26. g4 Bc6 27. g5 Qe2 28.
R1f2 Qh5 29. Qxh5 gxh5 30. Bf1 b6 31. Be2 Rb7 32. Bxh5 Bd5 33. a3 Kg7 34. Be2
Rc7 35. Bd3 Bc4 36. Be4 Rd8 37. c3 Bd5 38. Bb1 Rf8 39. Rh4 Rh8 40. Rhf4 Rf8 41.
h4 Rxc3 42. h5 Rc1 43. h6+ Kg8 44. Rf1 Rxf1 45. Rxf1 Rc8 46. Bxh7+ Kxh7 47.
Rxf7+ Kg6 48. Rg7+ Kf5 49. h7 Kg4 {#} 50. Rc7 Rxc7 51. h8=Q Rc2+ 52. Kg1 Kg3
53. Kf1 Bf3 54. Ke1 Re2+ 55. Kf1 Rd2 {bily se vzdal} 0-1

[Event "ProMoPro Open 2003"]
[Site "?"]
[Date "2003.09.14"]
[Round "9.6"]
[White "Sodoma, Jan"]
[Black "Studnicka, Tomas"]
[Result "1-0"]
[WhiteElo "2183"]
[BlackElo "2282"]
[PlyCount "87"]
[EventDate "2003.09.06"]

1. e4 c5 2. Nc3 e6 3. f4 Nc6 4. Nf3 d5 5. Bb5 Nf6 6. Qe2 d4 7. Bxc6+ bxc6 8.
Nd1 Qc7 9. d3 Nd7 10. O-O Ba6 11. b3 h6 12. Bd2 Be7 13. a4 O-O-O 14. Nf2 g5 15.
e5 gxf4 16. a5 f5 17. Nh3 Nf8 18. Nxf4 Bg5 19. Nxg5 hxg5 20. Nh3 Rd5 21. Bxg5
Rxe5 22. Qf2 Rd5 23. Nf4 Rd7 24. Rae1 Rf7 25. h4 e5 26. Nh3 Ng6 27. g4 f4 28.
h5 Nf8 29. Re4 c4 30. bxc4 c5 31. Qe1 Nd7 {#} 32. Nxf4 Rhf8 33. Bh6 exf4 34.
Re8+ Kb7 35. Qb1+ Kc6 36. Re6+ Qd6 37. Rxd6+ Kxd6 38. Bxf8+ Rxf8 39. Qc1 f3 40.
Qg5 Bb7 41. h6 Re8 42. Qg6+ Re6 {#} 43. Qxe6+ Kxe6 44. h7 {cerny se vzdal} 1-0

[Event "ProMoPro Open 2003"]
[Site "?"]
[Date "2003.09.14"]
[Round "9.9"]
[White "Novak, Jindrich"]
[Black "Kubikova, Hana"]
[Result "1-0"]
[WhiteElo "2020"]
[BlackElo "2145"]
[PlyCount "119"]
[EventDate "2003.09.06"]

1. Nf3 Nf6 2. g3 g6 3. Bg2 Bg7 4. O-O O-O 5. c4 d6 6. d4 c6 7. Nc3 Qa5 8. e4
Qh5 9. Ng5 h6 10. Qxh5 Nxh5 11. Nf3 e5 12. d5 cxd5 13. Nxd5 Nc6 14. b3 f5 15.
Ba3 Rd8 16. Nh4 Kh7 17. Rad1 Nd4 18. Ne7 f4 19. Rxd4 exd4 20. Nexg6 Bf6 21. Bf3
Ng7 22. Nxf4 Bxh4 23. gxh4 Ne6 24. Nd5 Rf8 25. Bg2 Nf4 26. Bxd6 Nh3+ 27. Kh1
Rf7 28. f4 Bg4 29. e5 Rd8 30. Bc5 d3 31. Be3 b5 32. f5 Bxf5 33. Rxf5 Rxf5 34.
Be4 Rdf8 35. Bxd3 bxc4 36. bxc4 Kg7 37. Bxf5 Rxf5 38. Kg2 Kf7 39. Kxh3 Rxe5 40.
Bxa7 Re2 41. Be3 h5 42. Kg3 Rxa2 43. Nf4 Kf6 44. Nxh5+ Kf5 45. Bf2 Ra3+ 46. Kg2
Rc3 47. c5 Rc4 48. Ng3+ Ke5 49. h5 Rh4 50. Be3 Ra4 51. h3 Kf6 52. h6 Kg6 53.
Ne2 Rc4 54. Ng1 Ra4 55. Kf3 Rc4 56. Ke2 Ra4 57. Nf3 Kh7 58. Kd3 Kg6 59. c6 Ra3+
60. Ke4 {cerny se vzdal} 1-0

[Event "ProMoPro Open 2003"]
[Site "?"]
[Date "2003.09.14"]
[Round "9.1"]
[White "Csala, Jan"]
[Black "Cernousek, Lukas"]
[Result "0-1"]
[WhiteElo "2204"]
[BlackElo "2293"]
[PlyCount "106"]
[EventDate "2003.09.06"]

1. d4 d5 2. Nf3 c5 3. g3 cxd4 4. Nxd4 e5 5. Nf3 Nc6 6. Bg2 f6 7. O-O Be6 8. c4
d4 9. Qa4 Qa5 10. Qxa5 Nxa5 11. b3 Bc5 12. Ba3 Bxa3 13. Nxa3 Ne7 14. Nb5 Kf7
15. Nd2 Rhd8 16. f4 exf4 17. Rxf4 Nac6 18. Nf3 Ng6 19. Ng5+ Ke7 20. Nxe6 Kxe6
21. Nc7+ Kd6 22. Nxa8 Nxf4 23. gxf4 Rxa8 24. Rd1 Kc5 25. Kf2 Rb8 26. Be4 g5 27.
h4 h6 28. Kf3 Re8 29. Rg1 Rg8 30. hxg5 fxg5 31. Rh1 Rf8 32. Bxc6 Rxf4+ 33. Kg3
bxc6 34. Rxh6 Re4 35. Kf2 Rf4+ 36. Ke1 Rh4 37. Rg6 Rh1+ 38. Kd2 Ra1 39. Rxg5+
Kb4 40. Kd3 Rxa2 41. Rg7 a5 42. Kxd4 Rd2+ 43. Ke3 Rb2 44. Rb7+ Kc3 45. Rb6 a4
46. Rxc6 axb3 47. c5 Ra2 48. Rb6 Ra4 49. c6 b2 50. Rb7 Kc2 51. c7 Rc4 52. c8=Q
Rxc8 53. Kd4 Rd8+ {bily se vzdal} 0-1

[Event "ProMoPro Open 2003"]
[Site "?"]
[Date "2003.09.14"]
[Round "9.12"]
[White "Horyna, Josef"]
[Black "Dusek, Martin"]
[Result "0-1"]
[WhiteElo "2029"]
[BlackElo "2146"]
[PlyCount "130"]
[EventDate "2003.09.06"]

1. d4 d5 2. Nf3 c6 3. g3 Nf6 4. Bg2 Bf5 5. O-O h6 6. c4 e6 7. Nc3 Nbd7 8. cxd5
exd5 9. b3 Bd6 10. Nd2 Qe7 11. Bb2 O-O 12. Rc1 Ba3 13. Bxa3 Qxa3 14. f3 Qb4 15.
Ndb1 Rae8 16. Rf2 Bxb1 17. Nxb1 Re3 18. Qd2 Qxd2 19. Nxd2 Rfe8 20. Bf1 a5 21.
Nb1 Nb6 22. Nc3 Nfd7 23. Nd1 R3e7 24. e3 f5 25. Bd3 Rf8 26. Rc3 Nc8 27. e4 fxe4
28. fxe4 dxe4 29. Bc4+ Kh7 30. Rxf8 Nxf8 31. Ne3 Nd6 32. Be2 Nd7 33. b4 axb4
34. Rb3 Nf6 35. Rxb4 b5 36. a4 Ra7 37. axb5 cxb5 38. Rb2 Rb7 39. Rb4 Kg6 40.
Kf2 Kf7 41. Ng4 Nxg4+ 42. Bxg4 Ke7 43. Ke3 g5 44. Bd1 Kd8 45. Bc2 Re7 46. d5
Kc7 47. g4 Nc4+ 48. Ke2 Kb6 49. Rb1 Kc5 50. Bb3 Kxd5 51. Rd1+ Kc5 52. h4 Ne5
53. hxg5 hxg5 54. Rd5+ Kc6 55. Rd4 Nxg4 56. Bd5+ Kc5 57. Rxe4 Rxe4+ 58. Bxe4
Kd4 59. Bc6 b4 60. Ba4 Kc3 61. Bd7 Ne5 62. Bf5 b3 63. Ke3 Nc4+ 64. Kf3 b2 65.
Ke2 Na3 {bily se vzdal} 0-1